Marketing research. (4th ed.) (Record no. 82676)

MARC details
000 -LEADER
fixed length control field 00809nam a2200205 a 4500
008 - FIXED-LENGTH DATA ELEMENTS--GENERAL INFORMATION
fixed length control field 060316s1990 ||||||||||||||||| || u
020 ## - INTERNATIONAL STANDARD BOOK NUMBER
International Standard Book Number 0471613517
050 ## - LIBRARY OF CONGRESS CALL NUMBER
Classification number HF 5415.2 Aak
100 ## - MAIN ENTRY--PERSONAL NAME
Personal name Aaker, David A
245 10 - TITLE STATEMENT
Title Marketing research. (4th ed.)
250 ## - EDITION STATEMENT
Edition statement 4th ed.
260 ## - PUBLICATION, DISTRIBUTION, ETC.
Place of publication, distribution, etc. New York :
Name of publisher, distributor, etc. John Wiley and Sons
Date of publication, distribution, etc. 1990
300 ## - PHYSICAL DESCRIPTION
Extent xiv, 739, [29] p. : ill.
350 ## -
-- 0.00
500 ## - GENERAL NOTE
General note Includes bibliographical references.
650 #0 - SUBJECT ADDED ENTRY--TOPICAL TERM
Topical term or geographic name entry element MARKETING RESEARCH
700 ## - ADDED ENTRY--PERSONAL NAME
Personal name Day, George S
995 ## -
-- TEXTBOOKS (SB)
-- 0.00
-- 1812
-- CBU-SCHOOL TEXTBOOK COLLECTIONS
-- 1
-- 0.00
-- SCHOOL TEXTBOOK
-- 2
-- AVAILABLE
-- Sep 30, 2009
-- 1812
-- School Collections
995 ## -
-- BINDERY (DAMAGED)
-- 0.00
-- 005653
-- CBU-MAIN LIBRARY (Kitwe)
-- 1
-- 13.50
-- HF 5415.2 Aak
-- DAMAGED
-- 005653
-- Main Library Open Access Collection
999 ## -
-- 82676
-- 82676
Holdings
Withdrawn status Lost status Source of classification or shelving scheme Damaged status Not for loan Permanent Location Current Location Shelving location Date acquired Total Checkouts Full call number Barcode Date last seen Copy number Price effective from Koha item type
          CBU-MAIN LIBRARY, KITWE. CBU-MAIN LIBRARY, KITWE.   09/29/2023   HF 5415.2 Aak 005653 09/29/2023 2 09/29/2023 MONOGRAPH
          CBU-SCHOOL TEXT BOOK COLLECTION CBU-SCHOOL TEXT BOOK COLLECTION   09/29/2023   SCHOOL TEXTBOOK 1812 09/29/2023 1 09/29/2023 MONOGRAPH